000 00301nam a22001337a 4500
020 _a0-7214-0616-5
082 _a823
_bLAD/E
100 _aHUNIA FRAN
245 _aTHE ENORMOUS TURNIP
_bREAD IT YOUR SELF
260 _aUK
_bLADY BIRD
300 _a52
650 _aENGLISH SHORT STORY
_zUK
942 _cBK
999 _c2283
_d2283